[Event "Scarborough CC Spring Into Summer U2000"]
[Site "Toronto CAN"]
[Date "2011.06.02"]
[Round "5"]
[White "Maister, Martin"]
[Black "Radpey, Abdolreza"]
[Result "1-0"]
[WhiteElo "1733"]
[BlackElo "1710"]
[PlyCount "122"]
[GameId "2160767909770518"]
[EventDate "2011.04.28"]
[EventType "swiss"]
[EventRounds "9"]
[EventCountry "CAN"]
[SourceTitle "EXT 2022"]
[Source "ChessBase"]
[SourceDate "2021.10.06"]
[SourceVersion "1"]
[SourceVersionDate "2021.10.06"]
[SourceQuality "1"]

1. e4 d6 2. d4 e6 3. Nf3 g6 4. Be2 Bg7 5. O-O Ne7 6. Nc3 b6 7. h3 Bb7 8. Bf4 Nd7 9. Qd2 h6 10. Rfe1 g5 11. Bg3 Ng6 12. Rad1 f6 13. Nh2 h5 14. Nf1 a6 15. Bd3 e5 16. dxe5 fxe5 17. Ne3 O-O 18. Nf5 Qf6 19. Qe2 h4 20. Bh2 b5 21. a4 Nf4 22. Bxf4 exf4 23. Nxg7 Kxg7 24. axb5 Ne5 25. f3 Nxd3 26. Qxd3 axb5 27. Qxb5 Rab8 28. Qc4 Qf7 29. Qd4+ Kh7 30. b3 Rfe8 31. Nd5 Re5 32. Qa7 Ree8 33. Qa5 Rbc8 34. c4 Re5 35. Ra1 c6 36. Qb6 cxd5 37. cxd5 Qc7 38. Qxc7+ Rxc7 39. b4 Re8 40. b5 Rb8 41. b6 Rc5 42. Rec1 Rxc1+ 43. Rxc1 Rc8 44. Ra1 Kg6 45. Ra7 Rb8 46. Kf2 Kf6 47. Ke2 Ke5 48. Ra4 Ra8 49. Rb4 Ra2+ 50. Kf1 Rc2 51. Kg1 Rc8 52. Ra4 Kf6 53. Kf2 Ke7 54. Ke1 Kd8 55. Ra7 Rb8 56. Kd2 Kc8 57. Ra3 Ra8 58. Rc3+ Kb8 59. Rc2 Ra1 60. Kc3 Ba6 61. Kb2 Ra5 1-0

[Event "Scarborough CC Spring Into Summer U2000"]
[Site "Toronto CAN"]
[Date "2011.06.02"]
[Round "5"]
[White "Manalo, Pepin"]
[Black "Stavropoulos, Greg"]
[Result "1-0"]
[WhiteElo "1744"]
[BlackElo "1872"]
[PlyCount "111"]
[GameId "2160767909770519"]
[EventDate "2011.04.28"]
[EventType "swiss"]
[EventRounds "9"]
[EventCountry "CAN"]
[SourceTitle "EXT 2022"]
[Source "ChessBase"]
[SourceDate "2021.10.06"]
[SourceVersion "1"]
[SourceVersionDate "2021.10.06"]
[SourceQuality "1"]

1. e4 c5 2. Nf3 e6 3. c4 d6 4. Nc3 Nf6 5. g3 Be7 6. Bg2 Nc6 7. O-O Bd7 8. d4 cxd4 9. Nxd4 a6 10. b3 O-O 11. Bb2 Qc7 12. Rc1 Nxd4 13. Qxd4 Bc6 14. Nd5 exd5 15. cxd5 Rac8 16. dxc6 bxc6 17. Bh3 Rb8 18. Rfd1 a5 19. Rd3 Rb4 20. Rc4 Rxc4 21. Qxc4 Rb8 22. Bc3 Rb5 23. Re3 d5 24. exd5 Nxd5 25. Qd4 Nxc3 26. Qxc3 h5 27. Qe1 Bf6 28. Re8+ Kh7 29. Qe4+ g6 30. Rc8 Qd6 31. Rxc6 Qd1+ 32. Kg2 Kg7 33. Rc7 Re5 34. Qc4 Re7 35. Rxe7 Bxe7 36. Qc3+ Bf6 37. Qxa5 Qe2 38. Qa4 g5 39. Bf5 g4 40. Be4 Qd2 41. Qb5 Bd4 42. Qf1 Qxa2 43. Bd5 Qb2 44. Bc4 f5 45. Qe2 Qxe2 46. Bxe2 Bc5 47. f3 Kf6 48. f4 Bb4 49. Bc4 Bc5 50. h4 Bb4 51. Kf1 Bc3 52. Ke2 Bb4 53. Bb5 Kf7 54. Bd7 Kf6 55. Be8 Kg7 56. Bxh5 1-0

[Event "Scarborough CC Spring Into Summer U2000"]
[Site "Toronto CAN"]
[Date "2011.06.02"]
[Round "5"]
[White "Mesiti, Silvano"]
[Black "Gillis, Doug"]
[Result "1-0"]
[WhiteElo "1666"]
[BlackElo "1668"]
[PlyCount "120"]
[GameId "2160767909770520"]
[EventDate "2011.04.28"]
[EventType "swiss"]
[EventRounds "9"]
[EventCountry "CAN"]
[SourceTitle "EXT 2022"]
[Source "ChessBase"]
[SourceDate "2021.10.06"]
[SourceVersion "1"]
[SourceVersionDate "2021.10.06"]
[SourceQuality "1"]

1. b3 d5 2. g3 Nf6 3. Bg2 Bg4 4. Nf3 c6 5. Bb2 Nbd7 6. O-O e6 7. d3 Be7 8. Nbd2 O-O 9. c4 Rc8 10. Qc1 h6 11. Re1 Bf5 12. a3 Qc7 13. b4 Bh7 14. Qc3 Rfe8 15. Rac1 Bf8 16. Ne5 Nxe5 17. Qxe5 Qxe5 18. Bxe5 Nd7 19. Bb2 Nb6 20. f4 Be7 21. c5 Nd7 22. Nf3 a5 23. Ra1 axb4 24. axb4 Ra8 25. Nd2 Bf6 26. Bxf6 Nxf6 27. Nb3 Ng4 28. e4 dxe4 29. dxe4 Rxa1 30. Rxa1 Ne3 31. Ra7 Nxg2 32. Kxg2 Bxe4+ 33. Kf2 Rd8 34. Rxb7 Rd3 35. Na5 Rf3+ 36. Ke2 Ra3 37. Rb6 h5 38. Nxc6 Ra2+ 39. Ke3 Bxc6 40. Rxc6 Rxh2 41. Rc8+ Kh7 42. Rf8 Rh3 43. Kf2 h4 44. gxh4 Rxh4 45. Rxf7 Kg8 46. Rb7 Rxf4+ 47. Ke3 e5 48. c6 Rc4 49. b5 Kh7 50. Re7 Rc5 51. Ke4 Rxb5 52. Rxe5 Rb4+ 53. Kd3 Rb3+ 54. Kc2 Rb4 55. Rc5 Rb8 56. c7 Rc8 57. Kd3 Kh6 58. Ke4 g5 59. Kf5 Rf8+ 60. Ke6 Rc8 1-0

[Event "Scarborough CC Spring Into Summer U2000"]
[Site "Toronto CAN"]
[Date "2011.06.02"]
[Round "5"]
[White "Morra, Lui"]
[Black "Cale, Ferdinand"]
[Result "0-1"]
[WhiteElo "1797"]
[BlackElo "1700"]
[PlyCount "52"]
[GameId "2160767909770521"]
[EventDate "2011.04.28"]
[EventType "swiss"]
[EventRounds "9"]
[EventCountry "CAN"]
[SourceTitle "EXT 2022"]
[Source "ChessBase"]
[SourceDate "2021.10.06"]
[SourceVersion "1"]
[SourceVersionDate "2021.10.06"]
[SourceQuality "1"]

1. e4 e5 2. Nf3 f6 3. Bc4 Ne7 4. Nc3 c6 5. d4 exd4 6. Qxd4 Ng6 7. O-O d6 8. Be3 Qe7 9. Qd2 Be6 10. Bxe6 Qxe6 11. Nd4 Qd7 12. Nf5 d5 13. Nd4 c5 14. Nxd5 cxd4 15. Bxd4 Be7 16. Qa5 Na6 17. b4 O-O 18. Rad1 Bd8 19. Qa3 Qe6 20. Rfe1 Ne7 21. Qb3 Kh8 22. c4 Qf7 23. c5 Nc7 24. Qh3 Ncxd5 25. exd5 Nxd5 26. Re6 Nf4 0-1

[Event "Scarborough CC Spring Into Summer U2000"]
[Site "Toronto CAN"]
[Date "2011.06.02"]
[Round "5"]
[White "Rutherdale, William"]
[Black "Bellomo, Joe"]
[Result "0-1"]
[WhiteElo "1697"]
[BlackElo "1674"]
[PlyCount "96"]
[GameId "2160767909770522"]
[EventDate "2011.04.28"]
[EventType "swiss"]
[EventRounds "9"]
[EventCountry "CAN"]
[SourceTitle "EXT 2022"]
[Source "ChessBase"]
[SourceDate "2021.10.06"]
[SourceVersion "1"]
[SourceVersionDate "2021.10.06"]
[SourceQuality "1"]

1. d4 Nf6 2. c4 g6 3. Nc3 Bg7 4. e4 d6 5. Nf3 O-O 6. g3 Nbd7 7. Bg2 c5 8. O-O cxd4 9. Nxd4 Nb6 10. Qd3 Nfd7 11. b3 Ne5 12. Qd2 Bd7 13. Bb2 Nbxc4 14. Qe2 Nxb2 15. Qxb2 Rc8 16. Qd2 Qa5 17. Rac1 a6 18. Rfd1 Rfe8 19. Qe3 Ng4 20. Qd3 Ne5 21. Qe3 Bg4 22. Re1 Bd7 23. h3 Nc6 24. Nde2 b5 25. a4 b4 26. Nd5 Be6 27. Red1 Kf8 28. Nef4 Bxd5 29. Nxd5 e6 30. Nb6 Rc7 31. Nc4 Qh5 32. Nxd6 Rd8 33. Qb6 Rdd7 34. g4 Qa5 35. Rxc6 Qxb6 36. Rxb6 a5 37. Rb1 Bd4 38. Rb8+ Ke7 39. Nb5 Bxf2+ 40. Kxf2 Rc2+ 41. Kg3 Rd3+ 42. Bf3 h5 43. g5 h4+ 44. Kg4 Rf2 45. Rb7+ Kf8 46. Bd1 e5 47. Kxh4 Rf4+ 48. Bg4 Rxe4 0-1

[Event "Scarborough CC Spring Into Summer U2000"]
[Site "Toronto CAN"]
[Date "2011.06.02"]
[Round "5"]
[White "Verde, Pino"]
[Black "Moran-Venegas, Mario"]
[Result "1/2-1/2"]
[WhiteElo "1660"]
[BlackElo "1835"]
[PlyCount "99"]
[GameId "2160767909770523"]
[EventDate "2011.04.28"]
[EventType "swiss"]
[EventRounds "9"]
[EventCountry "CAN"]
[SourceTitle "EXT 2022"]
[Source "ChessBase"]
[SourceDate "2021.10.06"]
[SourceVersion "1"]
[SourceVersionDate "2021.10.06"]
[SourceQuality "1"]

1. f4 e5 2. e4 exf4 3. Nf3 g5 4. h4 g4 5. Ne5 Nf6 6. Bc4 d5 7. exd5 Bd6 8. d4 Qe7 9. Bxf4 Nbd7 10. Qe2 Nxe5 11. dxe5 Nh5 12. g3 Nxf4 13. gxf4 Bc5 14. Nd2 Bf5 15. O-O-O O-O-O 16. Ne4 Bxe4 17. Qxe4 h5 18. Rd3 Rh6 19. Qf5+ Kb8 20. Qg5 Qf8 21. Rhd1 Be7 22. Qf5 Bxh4 23. Rh1 Qe7 24. d6 cxd6 25. Qxf7 dxe5 26. Rxd8+ Qxd8 27. Rd1 Rd6 28. Rxd6 Qxd6 29. Bd5 Be7 30. c4 exf4 31. Qxh5 g3 32. Qf3 Qe5 33. Qe4 Qg5 34. Kc2 g2 35. Qxg2 Qxg2+ 36. Bxg2 Kc7 37. Kd3 b6 38. Ke4 Bd6 39. Kd5 a5 40. a3 Bf8 41. Kd4 Bg7+ 42. Ke4 Bxb2 43. a4 Bc1 44. Kd5 Be3 45. Bf3 Kd7 46. Bg4+ Ke7 47. Ke5 Kf7 48. Bh5+ Kg7 49. Kf5 Kh7 50. Bf3 1/2-1/2

[Event "Scarborough CC Spring Into Summer U2000"]
[Site "Toronto CAN"]
[Date "2011.06.09"]
[Round "6"]
[White "Cale, Ferdinand"]
[Black "Paterson, Jim"]
[Result "0-1"]
[WhiteElo "1700"]
[BlackElo "1793"]
[PlyCount "36"]
[GameId "2160767909770524"]
[EventDate "2011.04.28"]
[EventType "swiss"]
[EventRounds "9"]
[EventCountry "CAN"]
[SourceTitle "EXT 2022"]
[Source "ChessBase"]
[SourceDate "2021.10.06"]
[SourceVersion "1"]
[SourceVersionDate "2021.10.06"]
[SourceQuality "1"]

1. g4 e5 2. h4 Be7 3. h5 Nh6 4. e3 d5 5. Be2 f5 6. gxf5 Bxf5 7. c3 c6 8. d4 Nd7 9. Nf3 e4 10. Ng1 O-O 11. f4 exf3 12. Nxf3 Be4 13. Rf1 Nf5 14. Rg1 Bh4+ 15. Kd2 Bf2 16. Bd3 Bxe3+ 17. Kc2 Bxf3 18. Qxf3 Nxd4+ 0-1

[Event "Scarborough CC Spring Into Summer U2000"]
[Site "Toronto CAN"]
[Date "2011.06.09"]
[Round "6"]
[White "Gillis, Doug"]
[Black "Radpey, Abdolreza"]
[Result "1/2-1/2"]
[WhiteElo "1668"]
[BlackElo "1710"]
[PlyCount "122"]
[GameId "2160767909770525"]
[EventDate "2011.04.28"]
[EventType "swiss"]
[EventRounds "9"]
[EventCountry "CAN"]
[SourceTitle "EXT 2022"]
[Source "ChessBase"]
[SourceDate "2021.10.06"]
[SourceVersion "1"]
[SourceVersionDate "2021.10.06"]
[SourceQuality "1"]

1. d4 Nf6 2. Nc3 d5 3. Bg5 e6 4. e4 dxe4 5. Nxe4 Be7 6. Bxf6 gxf6 7. Nf3 b6 8. Bb5+ c6 9. Bd3 Bb7 10. Qe2 f5 11. Ng3 h5 12. h4 a6 13. O-O-O b5 14. Rde1 Qa5 15. Kb1 Qd8 16. Qe5 Kd7 17. Nxf5 c5 18. Nxe7 Kxe7 19. Qxc5+ Qd6 20. Qxd6+ Kxd6 21. Ng5 Rf8 22. f3 Nd7 23. Ne4+ Kc7 24. Rh3 Rae8 25. Rg3 Rg8 26. Rxg8 Rxg8 27. Ng5 Rg7 28. b3 b4 29. Rxe6 Rxg5 30. Rh6 Rxg2 31. Be4 Bxe4 32. fxe4 Rg4 33. Rxh5 Rxe4 34. Rh7 Rxd4 35. Rxf7 Rxh4 36. Kb2 Rh2 37. Rf4 a5 38. Rc4+ Kb6 39. a3 bxa3+ 40. Kxa3 Kb5 41. Rc7 Nc5 42. Rc8 Rxc2 43. Rb8+ Kc6 44. Ra8 Kb6 45. Rxa5 Rc3 46. Ra8 Rxb3+ 47. Ka2 Rh3 48. Rb8+ Kc7 49. Rb2 Rh4 50. Rc2 Kc6 51. Rg2 Kb5 52. Rb2+ Ka5 53. Rc2 Ra4+ 54. Kb1 Rb4+ 55. Ka1 Nd3 56. Rc8 Ra4+ 57. Kb1 Nb4 58. Rc5+ Kb6 59. Rh5 Nc6 60. Rh2 Rc4 61. Rb2+ Nb4 1/2-1/2

[Event "Scarborough CC Spring Into Summer U2000"]
[Site "Toronto CAN"]
[Date "2011.06.09"]
[Round "6"]
[White "Moran-Venegas, Mario"]
[Black "Sharpe, Sam"]
[Result "1-0"]
[WhiteElo "1835"]
[BlackElo "1920"]
[PlyCount "103"]
[GameId "2160767909770526"]
[EventDate "2011.04.28"]
[EventType "swiss"]
[EventRounds "9"]
[EventCountry "CAN"]
[SourceTitle "EXT 2022"]
[Source "ChessBase"]
[SourceDate "2021.10.06"]
[SourceVersion "1"]
[SourceVersionDate "2021.10.06"]
[SourceQuality "1"]

1. e4 e6 2. d4 d5 3. Nd2 dxe4 4. Nxe4 Nd7 5. Nf3 Ngf6 6. Bd3 Be7 7. c3 O-O 8. O-O b6 9. Qc2 Bb7 10. Nxf6+ Nxf6 11. Ne5 c5 12. Be3 Qd5 13. f3 cxd4 14. Bxd4 Bc5 15. Qf2 Bxd4 16. Qxd4 Qxd4+ 17. cxd4 Rfd8 18. Rfd1 Kf8 19. Bb5 Rac8 20. Rac1 Ke7 21. Rxc8 Rxc8 22. Ba4 Nd5 23. Kf2 f6 24. Nd3 Kd6 25. Bb3 g5 26. a3 a5 27. Rd2 Ba6 28. g3 Bxd3 29. Rxd3 b5 30. Rd2 h6 31. Rc2 Rxc2+ 32. Bxc2 b4 33. Ke2 f5 34. Kd3 Nb6 35. axb4 axb4 36. Bb3 e5 37. dxe5+ Kxe5 38. Ke3 Nd5+ 39. Bxd5 Kxd5 40. f4 Kc4 41. fxg5 hxg5 42. h4 f4+ 43. Kf3 gxh4 44. gxh4 Kd5 45. Kxf4 Ke6 46. Ke4 Kf6 47. Kd4 Kg6 48. Kc4 Kh5 49. Kxb4 Kxh4 50. Kc5 Kg5 51. b4 Kf6 52. Kd6 1-0

[Event "Scarborough CC Spring Into Summer U2000"]
[Site "Toronto CAN"]
[Date "2011.06.09"]
[Round "6"]
[White "Rutherdale, William"]
[Black "Armstrong, Robert J"]
[Result "0-1"]
[WhiteElo "1696"]
[BlackElo "1740"]
[PlyCount "66"]
[GameId "2160767909770527"]
[EventDate "2011.04.28"]
[EventType "swiss"]
[EventRounds "9"]
[EventCountry "CAN"]
[SourceTitle "EXT 2022"]
[Source "ChessBase"]
[SourceDate "2021.10.06"]
[SourceVersion "1"]
[SourceVersionDate "2021.10.06"]
[SourceQuality "1"]

1. d4 g6 2. c4 Bg7 3. e4 d6 4. Nc3 Nf6 5. Nf3 O-O 6. g3 Nc6 7. Bg2 e5 8. d5 Ne7 9. O-O Nd7 10. Be3 h6 11. Rc1 f5 12. exf5 gxf5 13. b4 f4 14. gxf4 exf4 15. Bd4 Ne5 16. Re1 Bg4 17. Bxe5 Bxe5 18. Qd3 Bf5 19. Qe2 Ng6 20. Kh1 Kh7 21. Nb5 Rg8 22. Nbd4 Bg4 23. Qd3 Kh8 24. h3 Bd7 25. Rc2 Qf6 26. Rce2 Rg7 27. Nxe5 Nxe5 28. Qe4 Rag8 29. f3 Rg3 30. Ne6 Nxf3 31. Bxf3 Rxh3+ 32. Rh2 Rxh2+ 33. Kxh2 Qh4# 0-1

[Event "Scarborough CC Spring Into Summer U2000"]
[Site "Toronto CAN"]
[Date "2011.06.09"]
[Round "6"]
[White "Sharpe, Michael"]
[Black "Maister, Martin"]
[Result "1-0"]
[WhiteElo "1662"]
[BlackElo "1733"]
[PlyCount "79"]
[GameId "2160767909770528"]
[EventDate "2011.04.28"]
[EventType "swiss"]
[EventRounds "9"]
[EventCountry "CAN"]
[SourceTitle "EXT 2022"]
[Source "ChessBase"]
[SourceDate "2021.10.06"]
[SourceVersion "1"]
[SourceVersionDate "2021.10.06"]
[SourceQuality "1"]

1. e4 c5 2. Nf3 d6 3. d4 cxd4 4. Nxd4 Nf6 5. Nc3 a6 6. Be2 e6 7. Be3 Be7 8. O-O O-O 9. Kh1 Nc6 10. a4 Nxd4 11. Bxd4 b6 12. f4 d5 13. Bf3 Bb7 14. Re1 dxe4 15. Nxe4 Nxe4 16. Bxe4 Bxe4 17. Rxe4 Bf6 18. Be5 Bxe5 19. fxe5 Qc7 20. Qe2 Qc6 21. Rd1 Rfd8 22. Red4 Rxd4 23. Rxd4 h6 24. Qf3 Qxf3 25. gxf3 b5 26. a5 Rc8 27. c3 Rc6 28. Rd8+ Kh7 29. Rd6 Rc5 30. Rxa6 Rxe5 31. b4 Kg6 32. Rb6 Rd5 33. a6 h5 34. Rxb5 Rd8 35. a7 Ra8 36. Ra5 f5 37. b5 h4 38. Kg2 Kg5 39. b6 Kf4 40. b7 1-0

[Event "Scarborough CC Spring Into Summer U2000"]
[Site "Toronto CAN"]
[Date "2011.06.09"]
[Round "6"]
[White "Song, Lin"]
[Black "Manalo, Pepin"]
[Result "1/2-1/2"]
[WhiteElo "1839"]
[BlackElo "1744"]
[PlyCount "82"]
[GameId "2160767909770529"]
[EventDate "2011.04.28"]
[EventType "swiss"]
[EventRounds "9"]
[EventCountry "CAN"]
[SourceTitle "EXT 2022"]
[Source "ChessBase"]
[SourceDate "2021.10.06"]
[SourceVersion "1"]
[SourceVersionDate "2021.10.06"]
[SourceQuality "1"]

1. e4 g6 2. d4 Bg7 3. Nf3 d6 4. Nc3 Nd7 5. Bc4 e6 6. Bg5 f6 7. Bh4 Nb6 8. Bb3 Qe7 9. O-O h5 10. Bg3 g5 11. h4 Bd7 12. a4 a5 13. Re1 g4 14. Nh2 Nh6 15. Qd3 O-O-O 16. Nb5 e5 17. Qc3 Bxb5 18. axb5 exd4 19. Qxa5 Nf7 20. Bd5 Nxd5 21. exd5 Ne5 22. Qa8+ Kd7 23. Qxb7 Ke8 24. f4 gxf3 25. Nxf3 Kf7 26. Bxe5 dxe5 27. Qc6 Rd6 28. Qc4 Qd7 29. Ra7 Rc8 30. Rea1 Bh6 31. R1a6 Be3+ 32. Kh1 e4 33. Nxd4 Rxd5 34. Rc6 Kg6 35. Ne6 Rd1+ 36. Kh2 Bg1+ 37. Kg3 Bxa7 38. Qxe4+ Kh6 39. Qf4+ Kg6 40. Qe4+ Kh6 41. Qf4+ Kg6 1/2-1/2

[Event "Scarborough CC Spring Into Summer U2000"]
[Site "Toronto CAN"]
[Date "2011.06.09"]
[Round "6"]
[White "Stavropoulos, Greg"]
[Black "Verde, Pino"]
[Result "0-1"]
[WhiteElo "1872"]
[BlackElo "1660"]
[PlyCount "94"]
[GameId "2160767909770530"]
[EventDate "2011.04.28"]
[EventType "swiss"]
[EventRounds "9"]
[EventCountry "CAN"]
[SourceTitle "EXT 2022"]
[Source "ChessBase"]
[SourceDate "2021.10.06"]
[SourceVersion "1"]
[SourceVersionDate "2021.10.06"]
[SourceQuality "1"]

1. c4 Nf6 2. Nc3 e5 3. Nf3 d6 4. d4 Nbd7 5. e4 Be7 6. h3 c6 7. Be3 Qc7 8. Bd3 a6 9. a4 Rb8 10. O-O Nf8 11. Rc1 Bd7 12. Qb3 h6 13. Rfd1 Qc8 14. dxe5 dxe5 15. Nxe5 Bxh3 16. gxh3 Qxh3 17. Bf1 Qh5 18. Bf4 Ne6 19. Bg3 Bc5 20. Nxc6 Qg5 21. Ne2 Nxe4 22. Nxb8 Bxf2+ 23. Kg2 Bxg3 24. Nxg3 Nf4+ 25. Kg1 Nxg3 26. Qe3+ Ne4+ 27. Kh2 Qh4+ 28. Bh3 O-O 29. Rf1 Nxh3 30. Qxh3 Qe7 31. Rce1 Qe5+ 32. Kg2 Qxb2+ 33. Kh1 Nf2+ 34. Rxf2 Qxf2 35. Rf1 Qd4 36. Nd7 Rd8 37. Nf6+ gxf6 38. Rg1+ Kh7 39. Qf5+ Kh8 40. Qh5 Qe4+ 41. Rg2 Qf4 42. Qxf7 Qh4+ 43. Rh2 Rd1+ 44. Kg2 Rd2+ 45. Kf3 Rd3+ 46. Kg2 Qg4+ 47. Kf1 Qf3+ 0-1

[Event "Scarborough CC Spring Into Summer U2000"]
[Site "Toronto CAN"]
[Date "2011.06.09"]
[Round "6"]
[White "Zotkin, Daniel"]
[Black "Huston, Scott"]
[Result "1-0"]
[WhiteElo "1626"]
[BlackElo "1811"]
[PlyCount "41"]
[GameId "2160767909770531"]
[EventDate "2011.04.28"]
[EventType "swiss"]
[EventRounds "9"]
[EventCountry "CAN"]
[SourceTitle "EXT 2022"]
[Source "ChessBase"]
[SourceDate "2021.10.06"]
[SourceVersion "1"]
[SourceVersionDate "2021.10.06"]
[SourceQuality "1"]

1. d4 Nf6 2. Nf3 e6 3. Bg5 Be7 4. Nbd2 b6 5. e3 Bb7 6. Bd3 c5 7. c3 O-O 8. O-O Nd5 9. Bxe7 Qxe7 10. Qc2 g6 11. a4 cxd4 12. exd4 d6 13. Rfe1 Nd7 14. a5 Rfc8 15. Qb3 a6 16. Be4 b5 17. Bxd5 Bxd5 18. Qxd5 Nf6 19. Qb3 Nd7 20. Qa3 f5 21. Re2 1-0

[Event "Scarborough CC Spring Into Summer U2000"]
[Site "Toronto CAN"]
[Date "2011.06.16"]
[Round "7"]
[White "Al Ganabi, Yasir"]
[Black "Gillis, Doug"]
[Result "0-1"]
[WhiteElo "1319"]
[BlackElo "1668"]
[PlyCount "58"]
[GameId "2160767909770532"]
[EventDate "2011.04.28"]
[EventType "swiss"]
[EventRounds "9"]
[EventCountry "CAN"]
[SourceTitle "EXT 2022"]
[Source "ChessBase"]
[SourceDate "2021.10.06"]
[SourceVersion "1"]
[SourceVersionDate "2021.10.06"]
[SourceQuality "1"]

1. e4 e6 2. Nf3 d5 3. e5 c5 4. d4 Qb6 5. dxc5 Bxc5 6. Qe2 Bd7 7. Na3 Ne7 8. c4 O-O 9. Bg5 Bb4+ 10. Bd2 Na6 11. Bxb4 Qxb4+ 12. Qd2 Rac8 13. Rc1 Ng6 14. Be2 Nf4 15. Bf1 Rfd8 16. g3 Ng6 17. Bd3 Qxd2+ 18. Kxd2 dxc4 19. Nxc4 Bc6 20. Ke3 Bxf3 21. Kxf3 Rxd3+ 22. Kg2 Kf8 23. f4 f6 24. Rhf1 fxe5 25. fxe5+ Ke7 26. Na5 Rxc1 27. Rxc1 Nxe5 28. Nxb7 Rd2+ 29. Kh3 Rxb2 0-1

[Event "Scarborough CC Spring Into Summer U2000"]
[Site "Toronto CAN"]
[Date "2011.06.16"]
[Round "7"]
[White "Armstrong, Robert J"]
[Black "Moran-Venegas, Mario"]
[Result "1-0"]
[WhiteElo "1740"]
[BlackElo "1835"]
[PlyCount "91"]
[GameId "2160767909770533"]
[EventDate "2011.04.28"]
[EventType "swiss"]
[EventRounds "9"]
[EventCountry "CAN"]
[SourceTitle "EXT 2022"]
[Source "ChessBase"]
[SourceDate "2021.10.06"]
[SourceVersion "1"]
[SourceVersionDate "2021.10.06"]
[SourceQuality "1"]

1. d4 Nf6 2. c4 g6 3. Nc3 d5 4. e3 Bg7 5. Nf3 O-O 6. Bd3 dxc4 7. Bxc4 Nc6 8. O-O a6 9. a4 Bf5 10. a5 Ne4 11. Nxe4 Bxe4 12. Ng5 Bd5 13. Bd3 Nb4 14. e4 Nxd3 15. Qxd3 Bc6 16. Rd1 Bb5 17. Qh3 h5 18. Be3 Rc8 19. e5 b6 20. b4 Qd5 21. Rac1 Qb3 22. f4 Be2 23. Rb1 Qxd1+ 24. Rxd1 Bxd1 25. f5 Bg4 26. Qh4 Bxf5 27. Nf3 f6 28. exf6 exf6 29. d5 bxa5 30. bxa5 Rfe8 31. Bd2 Be4 32. Bc3 Kf7 33. Qh3 Rcd8 34. Qg3 Rd7 35. Qf2 Rxd5 36. Qa7 Bh6 37. Qxc7+ Re7 38. Qb6 Rd1+ 39. Kf2 Re6 40. Qc7+ Re7 41. Qb6 Re6 42. Qc7+ Re7 43. Qc4+ Bd5 44. Qxa6 Be3+ 45. Kg3 Be6 46. Qe2 1-0

[Event "Scarborough CC Spring Into Summer U2000"]
[Site "Toronto CAN"]
[Date "2011.06.16"]
[Round "7"]
[White "Bellomo, Joe"]
[Black "Maister, Martin"]
[Result "1/2-1/2"]
[WhiteElo "1674"]
[BlackElo "1733"]
[PlyCount "90"]
[GameId "2160767909770534"]
[EventDate "2011.04.28"]
[EventType "swiss"]
[EventRounds "9"]
[EventCountry "CAN"]
[SourceTitle "EXT 2022"]
[Source "ChessBase"]
[SourceDate "2021.10.06"]
[SourceVersion "1"]
[SourceVersionDate "2021.10.06"]
[SourceQuality "1"]

1. e4 c5 2. Nf3 d6 3. d4 cxd4 4. Nxd4 e6 5. Be2 Nf6 6. Nc3 Be7 7. O-O O-O 8. Be3 Nc6 9. Kh1 a6 10. f4 Qc7 11. Bf3 Nxd4 12. Bxd4 Rd8 13. Qe1 e5 14. Be3 b5 15. Qf2 Rb8 16. Nd5 Nxd5 17. exd5 Bb7 18. Bb6 Qc4 19. Bxd8 Bxd8 20. fxe5 dxe5 21. Rad1 f6 22. b3 Qf4 23. Qe2 Qh6 24. d6 Bxf3 25. Qxf3 Qg6 26. Qd5+ Kh8 27. d7 h5 28. Qd6 Ra8 29. Rd3 h4 30. Qd5 Ra7 31. Rh3 Qg4 32. Qd1 Qxd1 33. Rxd1 g5 34. Rf3 Kg7 35. Rd6 Rc7 36. Rf2 Rc5 37. h3 e4 38. Rfxf6 Bxf6 39. Rxf6 Rd5 40. Re6 Rxd7 41. Rxe4 Kf6 42. Kg1 Rd2 43. c4 bxc4 44. Rxc4 Rxa2 45. Rc5 Rb2 1/2-1/2

[Event "Scarborough CC Spring Into Summer U2000"]
[Site "Toronto CAN"]
[Date "2011.06.16"]
[Round "7"]
[White "Manalo, Pepin"]
[Black "Ward, Dean"]
[Result "1-0"]
[WhiteElo "1744"]
[BlackElo "1790"]
[PlyCount "111"]
[GameId "2160767909770535"]
[EventDate "2011.04.28"]
[EventType "swiss"]
[EventRounds "9"]
[EventCountry "CAN"]
[SourceTitle "EXT 2022"]
[Source "ChessBase"]
[SourceDate "2021.10.06"]
[SourceVersion "1"]
[SourceVersionDate "2021.10.06"]
[SourceQuality "1"]

1. e4 c5 2. Nf3 d6 3. g3 Nc6 4. Bg2 g6 5. O-O Bg7 6. c3 Nf6 7. Re1 Bg4 8. Qa4 Bd7 9. Qc2 O-O 10. d3 Qc7 11. Nbd2 Rac8 12. b3 b5 13. Bb2 d5 14. e5 Ng4 15. d4 cxd4 16. cxd4 Qb6 17. Qd1 Nb4 18. Ba3 Qa5 19. Bxb4 Qxb4 20. h3 Nh6 21. a3 Qa5 22. b4 Qb6 23. Nb3 Rc7 24. Nc5 Bc8 25. Qb3 e6 26. g4 Kh8 27. g5 Nf5 28. Rac1 a5 29. Rc2 h6 30. h4 axb4 31. axb4 Ra7 32. Qd3 Re8 33. Rec1 Ba6 34. Nb3 Ne7 35. Nh2 h5 36. Nf1 Rc8 37. Nc5 Nc6 38. Rb1 Rac7 39. f4 Bf8 40. Ng3 Bxc5 41. dxc5 Qb8 42. Rd2 Kg8 43. Qf3 Ra7 44. Bh3 Qc7 45. Nxh5 gxh5 46. Qxh5 Nxe5 47. fxe5 Qxe5 48. Qf3 Rca8 49. Rf1 Bc8 50. Qd3 Ra3 51. Qxb5 Rxh3 52. Qe8+ Kh7 53. Rxf7+ Kg6 54. Rf6+ Kh7 55. Qg6+ Kh8 56. Rf8# 1-0

[Event "Scarborough CC Spring Into Summer U2000"]
[Site "Toronto CAN"]
[Date "2011.06.16"]
[Round "7"]
[White "Paterson, Jim"]
[Black "Huston, Scott"]
[Result "1/2-1/2"]
[WhiteElo "1793"]
[BlackElo "1811"]
[PlyCount "59"]
[GameId "2160767909770536"]
[EventDate "2011.04.28"]
[EventType "swiss"]
[EventRounds "9"]
[EventCountry "CAN"]
[SourceTitle "EXT 2022"]
[Source "ChessBase"]
[SourceDate "2021.10.06"]
[SourceVersion "1"]
[SourceVersionDate "2021.10.06"]
[SourceQuality "1"]

1. e4 c5 2. d4 cxd4 3. c3 dxc3 4. Nxc3 Nc6 5. Nf3 e6 6. Bc4 Bc5 7. a3 a6 8. O-O b5 9. Ba2 Nge7 10. Bf4 O-O 11. Bd6 Bxd6 12. Qxd6 f5 13. e5 Ng6 14. Bxe6+ dxe6 15. Qxc6 Rb8 16. Rad1 Qb6 17. Rd6 Qxc6 18. Rxc6 Rd8 19. Rd1 Rxd1+ 20. Nxd1 Bb7 21. Rxe6 Bxf3 22. gxf3 Nh4 23. Ne3 Kf7 24. Rxa6 Nxf3+ 25. Kg2 Nxe5 26. Nxf5 b4 27. b3 Nd3 28. axb4 Rxb4 29. Nd6+ Ke7 30. Nf5+ 1/2-1/2